| 000 | 00738nas a2200241 4500 | ||
|---|---|---|---|
| 001 | BR2013003099 | ||
| 003 | BR-BrBNA | ||
| 005 | 20231205122220.0 | ||
| 007 | ta | ||
| 008 | 230509b bl.|||p| |||| 00| 00por d | ||
| 040 |
_aBR-BrBNA _bpor _cBiblioteca Nacional de Agricultura |
||
| 041 | _a(Es) | ||
| 072 | _aL50 | ||
| 100 | 1 | _aTriana, T.M. | |
| 100 | 1 | _aHenao, L.M. | |
| 100 | 1 | _aBernal, M.H. | |
| 245 | 1 | _aComparación ontogénica de la frecuencia d muda en Rhinella marina (Anura, Bufonidae) | |
| 650 | _aSAPO | ||
| 650 | _aFISIOLOGIA ANIMAL | ||
| 773 | 0 |
_tIheringia. Série Zoologia (Brazil) _xISSN 0073-4721 _g(Mar 2013), v. 103(1) p. 47-50 _wBR2013003099 |
|
| 909 |
_a202311 _bLúcia _c55 _dLúcia Elande |
||
| 942 |
_2AGRIS _n0 _cANA |
||
| 999 |
_c227516 _d227516 |
||